Countries Visa Required By United States - Statistics

General Stats
  • This quiz has been taken 25 times
  • The average score is 17 of 29
Answer Stats
Country % Correct
China
87%
Iran
87%
Iraq
87%
North Korea
87%
Russia
87%
Chad
80%
Nigeria
80%
Syria
80%
Mali
73%
Sudan
73%
Afghanistan
67%
Cameroon
67%
Democratic Republic of the Congo
67%
Libya
67%
Algeria
60%
Eritrea
60%
Republic of the Congo
60%
South Sudan
60%
Venezuela
60%
Turkmenistan
53%
Yemen
53%
Pakistan
40%
Bhutan
33%
Burundi
33%
Ghana
33%
Liberia
33%
Benin
27%
South Africa
27%
Nauru
20%
No matching quizzes found
Score Distribution
Percent of People with Each Score
Percentile by Number Answered
Your Score History
You have not taken this quiz